00362nam a2200121Ia 4500008004100000082002000041100002300061245002500084260003900109300001000148630001800158650006400176211109s9999||||xx |||||||||||||| ||und|| a894.8121bTHO-K aThottam, Mary John 0aKarayunna Kavithakal bNATIONAL BOOKSTALLaKottayamc1971 a108p. xGENERAL STACK aMalayalam LiteraturevMalayalam PoetryxLiteratureGeneralia